[Event "Cracovia 2007"]
[Site "Cracovia POL"]
[Date "2007.12.31"]
[Round "6.5"]
[White "Gumula, Daniel"]
[Black "Czarnota, Pawel"]
[Result "0-1"]
[WhiteElo "2344"]
[BlackElo "2554"]
[PlyCount "88"]
[EventDate "2007.12.27"]
[EventType "swiss"]
[EventRounds "9"]
[EventCountry "POL"]
[Source "lmi"]
[SourceDate "2007.12.27"]

1. e4 c6 2. d4 d5 3. exd5 cxd5 4. c3 Nc6 5. Bd3 Nf6 6. Bf4 Bg4 7. Qb3 Qc8 8.
Nd2 e6 9. Ngf3 Be7 10. Ne5 Nxe5 11. dxe5 Nd7 12. c4 d4 13. Qc2 Nc5 14. Bxh7 g6
15. Bxg6 fxg6 16. Qxg6+ Kd7 17. Qxg4 Rh4 18. Qg3 Qh8 19. b4 Rg8 20. bxc5 Rxg3
21. Bxg3 Rg4 22. O-O Bxc5 23. h3 Rxg3 24. fxg3 Qxe5 25. Rae1 d3+ 26. Kh2 Qb2
27. Nb3 Bb4 28. Rd1 Qc2 29. a3 Qxb3 30. axb4 e5 31. Rde1 Ke6 32. Rf8 d2 33.
Re8+ Kd7 34. R1xe5 Qxb4 35. c5 d1=Q 36. R5e7+ Kc6 37. Rc8+ Kb5 38. Rxb7+ Kc4
39. Rxb4+ Kxb4 40. c6 Qd6 41. c7 Kc5 42. h4 Qd7 43. Rg8 Qxc7 44. h5 Qe5 0-1

[Event "Cracovia 2007"]
[Site "Cracovia POL"]
[Date "2007.12.31"]
[Round "6.6"]
[White "Kachur, Alexander"]
[Black "Mikrut, Dariusz"]
[Result "1/2-1/2"]
[WhiteElo "2320"]
[BlackElo "2409"]
[PlyCount "98"]
[EventDate "2007.12.27"]
[EventType "swiss"]
[EventRounds "9"]
[EventCountry "POL"]
[Source "lmi"]
[SourceDate "2007.12.27"]

1. d4 Nf6 2. Nf3 g6 3. c3 Bg7 4. Bg5 O-O 5. Nbd2 d5 6. e3 Nbd7 7. b4 Re8 8. Be2
e5 9. O-O c6 10. Bh4 Qe7 11. Nb3 exd4 12. Nbxd4 Ne5 13. Qc2 a5 14. a3 Qf8 15.
Nxe5 Rxe5 16. Bd3 Re8 17. Rae1 Bd7 18. Rb1 axb4 19. axb4 Ng4 20. c4 Be5 21. h3
Bf6 22. Bxf6 Nxf6 23. Rfc1 Qh6 24. Rd1 Rac8 25. Bf1 Qg5 26. Nf3 Qh5 27. Qb2 Ne4
28. Nh2 Be6 29. cxd5 cxd5 30. Rdc1 Nd6 31. Rxc8 Rxc8 32. Rc1 Rxc1 33. Qxc1 Qh4
34. Qb2 Qe4 35. Nf3 Nc4 36. Qf6 Qb1 37. Qe7 b6 38. h4 h6 39. Nd4 Nd2 40. Nxe6
Qxf1+ 41. Kh2 fxe6 42. Qxe6+ Kg7 43. Qe5+ Kh7 44. Qc7+ Kg8 45. Qd8+ Kg7 46.
Qd7+ Kf8 47. Qd6+ Kg7 48. Qe5+ Kh7 49. Qc7+ Kg8 1/2-1/2

[Event "Cracovia 2007"]
[Site "Cracovia POL"]
[Date "2007.12.31"]
[Round "6.7"]
[White "Shkapenko, Pavel"]
[Black "Beinoras, Mindaugas"]
[Result "1/2-1/2"]
[WhiteElo "2404"]
[BlackElo "2280"]
[PlyCount "112"]
[EventDate "2007.12.27"]
[EventType "swiss"]
[EventRounds "9"]
[EventCountry "POL"]
[Source "lmi"]
[SourceDate "2007.12.27"]

1. e4 e5 2. Nf3 Nc6 3. Bb5 a6 4. Ba4 Nf6 5. O-O Be7 6. Re1 b5 7. Bb3 O-O 8. d3
d6 9. c3 Na5 10. Bc2 c5 11. Nbd2 Nc6 12. Nf1 Re8 13. Ng3 Bf8 14. h3 Bb7 15. Nf5
Ne7 16. N3h4 Ng6 17. Bg5 Nxh4 18. Bxh4 g6 19. Ne3 Be7 20. Bxf6 Bxf6 21. Bb3 Rb8
22. Bd5 Bc8 23. a4 b4 24. a5 Qd7 25. Nc4 Bd8 26. Qd2 Bb7 27. Bxb7 Rxb7 28. f4
bxc3 29. bxc3 Bf6 30. Nb6 Qe6 31. Rac1 exf4 32. Qxf4 Kg7 33. Nc4 Rd8 34. Nb6
Rf8 35. Qd2 Qe5 36. Nc4 Bg5 37. Qf2 Qe7 38. Rb1 Rfb8 39. Rb6 Bh4 40. g3 Rxb6
41. axb6 Bf6 42. Qd2 Qe6 43. Kh2 d5 44. exd5 Qxd5 45. Qf4 Rd8 46. Qe4 Qd7 47.
Ne5 Qb5 48. Nc4 Bxc3 49. Re2 Qb1 50. b7 Bd4 51. Re1 Qc2+ 52. Re2 Qb1 53. Re1
Qc2+ 54. Re2 Qb1 55. Re1 Qc2+ 56. Qe2 Qb3 1/2-1/2

[Event "Cracovia 2007"]
[Site "Cracovia POL"]
[Date "2007.12.31"]
[Round "6.8"]
[White "Miroslaw, Michal"]
[Black "Piorun, Kacper"]
[Result "0-1"]
[WhiteElo "2282"]
[BlackElo "2353"]
[PlyCount "108"]
[EventDate "2007.12.27"]
[EventType "swiss"]
[EventRounds "9"]
[EventCountry "POL"]
[Source "lmi"]
[SourceDate "2007.12.27"]

1. e4 c6 2. d4 d5 3. Nd2 dxe4 4. Nxe4 Nd7 5. Ng5 Ngf6 6. Bd3 e6 7. Qe2 Bd6 8.
N1f3 h6 9. Ne4 Nxe4 10. Qxe4 Qc7 11. c4 b6 12. Bd2 Bb7 13. Qe2 Nf6 14. Bc3 c5
15. dxc5 Bxc5 16. Ne5 O-O-O 17. O-O-O Bd4 18. Bxd4 Rxd4 19. Bc2 Rhd8 20. Rxd4
Rxd4 21. Qe3 Rd8 22. Re1 Ne8 23. Be4 Nd6 24. Bxb7+ Qxb7 25. Kb1 f6 26. Nd3 e5
27. Nb4 a5 28. c5 Nc4 29. Qh3+ Kb8 30. c6 Qc8 31. c7+ Kxc7 32. Qxc8+ Rxc8 33.
Nd5+ Kb7 34. b3 Nd6 35. Kb2 Nb5 36. Ne3 Rd8 37. Re2 Nd4 38. Rd2 b5 39. Kc3 Kb6
40. a3 Rd6 41. a4 Rc6+ 42. Kb2 bxa4 43. bxa4 Kc5 44. Ka3 f5 45. Rd3 g6 46. h4
f4 47. Ng4 e4 48. Rc3+ Kd5 49. Rxc6 Nxc6 50. Kb3 h5 51. Nf6+ Kd4 52. Kc2 Ne5
53. Ng8 e3 54. fxe3+ Kxe3 0-1

[Event "Cracovia 2007"]
[Site "Cracovia POL"]
[Date "2007.12.31"]
[Round "6.9"]
[White "Panocki, Adrian"]
[Black "Tazbir, Marcin"]
[Result "1-0"]
[WhiteElo "2266"]
[BlackElo "2464"]
[PlyCount "47"]
[EventDate "2007.12.27"]
[EventType "swiss"]
[EventRounds "9"]
[EventCountry "POL"]
[Source "lmi"]
[SourceDate "2007.12.27"]

1. e4 c5 2. Nf3 a6 3. c3 e6 4. d4 d5 5. e5 Bd7 6. Bd3 Bb5 7. Bc2 a5 8. a4 Ba6
9. Na3 Nc6 10. Nb5 Na7 11. Be3 Bxb5 12. axb5 c4 13. O-O Ne7 14. Nd2 Qb6 15.
Nxc4 dxc4 16. d5 Qd8 17. b6 Nxd5 18. bxa7 b5 19. Be4 Be7 20. Qf3 O-O 21. Rfd1
a4 22. Bxd5 exd5 23. Qxd5 Qa5 24. Qb7 1-0

[Event "Cracovia 2007"]
[Site "Cracovia POL"]
[Date "2007.12.31"]
[Round "6.10"]
[White "Berg, Daniel"]
[Black "Kosiorek, Marek"]
[Result "0-1"]
[WhiteElo "2265"]
[BlackElo "2358"]
[PlyCount "62"]
[EventDate "2007.12.27"]
[EventType "swiss"]
[EventRounds "9"]
[EventCountry "POL"]
[Source "lmi"]
[SourceDate "2007.12.27"]

1. d4 Nf6 2. Nf3 g6 3. Nc3 Bg7 4. e4 d6 5. h3 O-O 6. Be3 Nc6 7. Qd2 e5 8. d5
Ne7 9. O-O-O Bd7 10. g4 c5 11. g5 Nh5 12. Ne2 b5 13. Ng3 Nxg3 14. fxg3 a5 15.
h4 b4 16. Bh3 Qc8 17. Bxd7 Qxd7 18. Qg2 Qa4 19. Kb1 b3 20. axb3 Qxe4 21. Rhe1
Qg4 22. Nh2 Qb4 23. Bc1 a4 24. Re4 Qb5 25. Rd3 axb3 26. Rxb3 Qa6 27. Ra3 Qb7
28. Rxa8 Rxa8 29. c4 Nf5 30. Nf3 Qb3 31. Ne1 Nd4 0-1

[Event "Cracovia 2007"]
[Site "Cracovia POL"]
[Date "2008.01.02"]
[Round "7.1"]
[White "Piorun, Kacper"]
[Black "Szoen, Dariusz"]
[Result "0-1"]
[WhiteElo "2353"]
[BlackElo "2481"]
[PlyCount "80"]
[EventDate "2007.12.27"]
[EventType "swiss"]
[EventRounds "9"]
[EventCountry "POL"]
[Source "lmi"]
[SourceDate "2007.12.27"]

1. e4 c5 2. Nf3 d6 3. c3 Nf6 4. Be2 g6 5. O-O Bg7 6. Re1 O-O 7. Bf1 Nc6 8. d3
e5 9. Nbd2 h6 10. a3 a6 11. b4 Re8 12. Bb2 Rb8 13. Qc2 b5 14. Rad1 Qb6 15. d4
c4 16. d5 Ne7 17. h3 Nh5 18. Bc1 f5 19. a4 Rf8 20. exf5 gxf5 21. g3 f4 22. g4
Nf6 23. a5 Qd8 24. Bg2 Nexd5 25. Nh4 Ne7 26. Ne4 Nxe4 27. Bxe4 Bb7 28. Bxb7
Rxb7 29. f3 Rd7 30. Ng6 Nxg6 31. Qxg6 Qh4 32. Qe6+ Kh8 33. Re2 Rdd8 34. Qd5 e4
35. Qxe4 d5 36. Qg6 Qg3+ 37. Rg2 Qxf3 38. Rf1 Qxc3 39. Qxa6 f3 40. Rd2 f2+ 0-1

[Event "Cracovia 2007"]
[Site "Cracovia POL"]
[Date "2008.01.02"]
[Round "7.2"]
[White "Swiercz, Dariusz"]
[Black "Jakubiec, Artur"]
[Result "1/2-1/2"]
[WhiteElo "2274"]
[BlackElo "2524"]
[PlyCount "67"]
[EventDate "2007.12.27"]
[EventType "swiss"]
[EventRounds "9"]
[EventCountry "POL"]
[Source "lmi"]
[SourceDate "2007.12.27"]

1. e4 e5 2. Nf3 Nc6 3. Bc4 Nf6 4. d3 Be7 5. O-O O-O 6. Bb3 d5 7. exd5 Nxd5 8.
Re1 Bg4 9. Nbd2 Kh8 10. Nc4 f6 11. c3 a5 12. a4 Bc5 13. h3 Bh5 14. g4 Bf7 15.
Nh4 Qd7 16. Qf3 Nde7 17. Be3 Bd5 18. Qd1 Bxe3 19. Nxe3 Rad8 20. Nxd5 Nxd5 21.
Bxd5 Qxd5 22. Re3 g6 23. Qf3 Qb3 24. Qe2 Ne7 25. Ng2 Nc6 26. f4 Qd5 27. Rf1 Kg8
28. fxe5 fxe5 29. Rxf8+ Rxf8 30. Re4 Qa2 31. Ne1 Qf7 32. Ng2 Qa2 33. Ne1 Qf7
34. Ng2 1/2-1/2

[Event "Cracovia 2007"]
[Site "Cracovia POL"]
[Date "2008.01.02"]
[Round "7.3"]
[White "Czarnota, Pawel"]
[Black "Granovski, Aleksandar"]
[Result "1-0"]
[WhiteElo "2554"]
[BlackElo "2338"]
[PlyCount "81"]
[EventDate "2007.12.27"]
[EventType "swiss"]
[EventRounds "9"]
[EventCountry "POL"]
[Source "lmi"]
[SourceDate "2007.12.27"]

1. e4 e5 2. Nf3 Nc6 3. Bb5 d6 4. O-O Bd7 5. c3 Nf6 6. Re1 Be7 7. d4 O-O 8. h3
Nxd4 9. Nxd4 exd4 10. Bxd7 Qxd7 11. cxd4 d5 12. e5 Ne4 13. Nc3 Nxc3 14. bxc3 c5
15. Be3 Rac8 16. Qf3 cxd4 17. Bxd4 Bc5 18. Rad1 Qe6 19. Re3 Rc6 20. h4 Rfc8 21.
h5 h6 22. Kh2 Kh7 23. Rdd3 b5 24. Qf4 Bxd4 25. cxd4 b4 26. a3 a5 27. axb4 axb4
28. Rb3 Rc4 29. Rg3 Rb8 30. Rbf3 Rc7 31. Qd2 b3 32. Rxb3 Rxb3 33. Rxb3 Qg4 34.
Qd3+ g6 35. hxg6+ fxg6 36. Qd2 Rf7 37. Kg1 h5 38. Re3 Rf4 39. e6 Rxd4 40. Qxd4
Qxd4 41. e7 1-0

[Event "Cracovia 2007"]
[Site "Cracovia POL"]
[Date "2008.01.02"]
[Round "7.4"]
[White "Kravtsiv, Martyn"]
[Black "Kveinys, Aloyzas"]
[Result "1-0"]
[WhiteElo "2498"]
[BlackElo "2517"]
[PlyCount "69"]
[EventDate "2007.12.27"]
[EventType "swiss"]
[EventRounds "9"]
[EventCountry "POL"]
[Source "lmi"]
[SourceDate "2007.12.27"]

1. e4 c5 2. Nf3 e6 3. d4 cxd4 4. Nxd4 a6 5. Bd3 Nf6 6. Nc3 Qc7 7. O-O Bc5 8.
Nb3 Be7 9. f4 d6 10. Be3 Nbd7 11. Qf3 b5 12. Qg3 b4 13. Ne2 Bb7 14. f5 e5 15.
c3 Nxe4 16. Bxe4 Bxe4 17. cxb4 Nf6 18. Nc3 Bb7 19. Rac1 Qd7 20. Na5 h5 21. Bg5
O-O 22. Rcd1 Kh7 23. Qh4 Rh8 24. Bxf6 Bxf6 25. Qxh5+ Kg8 26. Qe2 Bc8 27. Nc4
Rh4 28. Nxd6 Rxb4 29. Nce4 Qe7 30. a3 Rbb8 31. Qg4 Rxb2 32. Nxc8 Rxc8 33. Rd7
Qxa3 34. Nxf6+ Kf8 35. Qh5 1-0

[Event "Cracovia 2007"]
[Site "Cracovia POL"]
[Date "2008.01.02"]
[Round "7.6"]
[White "Kachur, Alexander"]
[Black "Shkapenko, Pavel"]
[Result "1/2-1/2"]
[WhiteElo "2320"]
[BlackElo "2404"]
[PlyCount "46"]
[EventDate "2007.12.27"]
[EventType "swiss"]
[EventRounds "9"]
[EventCountry "POL"]
[Source "lmi"]
[SourceDate "2007.12.27"]

1. Nf3 Nf6 2. c4 e6 3. g3 a6 4. Nc3 d5 5. cxd5 exd5 6. d4 Bd6 7. Bg2 O-O 8. O-O
Re8 9. Re1 c6 10. Bg5 Nbd7 11. Qc2 h6 12. Bf4 Bxf4 13. gxf4 Nf8 14. Ne5 Ng4 15.
Qd3 Nxe5 16. fxe5 Ng6 17. Qg3 Nh4 18. Bh3 Bf5 19. Kh1 Re6 20. Bxf5 Nxf5 21. Qg4
Qg5 22. Rg1 Qxg4 23. Rxg4 f6 1/2-1/2

[Event "Cracovia 2007"]
[Site "Cracovia POL"]
[Date "2008.01.02"]
[Round "7.7"]
[White "Baryshpolets, Andrey"]
[Black "Panocki, Adrian"]
[Result "1-0"]
[WhiteElo "2399"]
[BlackElo "2266"]
[PlyCount "93"]
[EventDate "2007.12.27"]
[EventType "swiss"]
[EventRounds "9"]
[EventCountry "POL"]
[Source "lmi"]
[SourceDate "2007.12.27"]

1. d4 Nf6 2. c4 g6 3. g3 Bg7 4. Bg2 O-O 5. Nc3 d6 6. Nf3 Nc6 7. O-O Bf5 8. d5
Na5 9. Nd2 Ne8 10. e4 Bd7 11. f4 c6 12. Kh1 Rc8 13. Qe2 a6 14. e5 cxd5 15. cxd5
e6 16. Rd1 Qc7 17. Nf3 Nc4 18. h4 Nb6 19. Be3 Nxd5 20. Nxd5 exd5 21. Rac1 Bc6
22. Nd4 Qd7 23. Nxc6 bxc6 24. Qxa6 dxe5 25. Rxd5 cxd5 26. Qxc8 Qxc8 27. Rxc8 e4
28. Bc5 Nd6 29. Rc6 Rc8 30. Rxc8+ Nxc8 31. Bh3 f5 32. g4 Kf7 33. gxf5 gxf5 34.
Bxf5 Ne7 35. Bxe7 Kxe7 36. Bxh7 Bxb2 37. Kg2 Kd6 38. h5 Kc5 39. h6 Kd4 40. Bg8
Ke3 41. h7 Kxf4 42. a4 e3 43. Kf1 Ke4 44. Ke2 d4 45. Bc4 d3+ 46. Bxd3+ Kd5 47.
a5 1-0

[Event "Cracovia 2007"]
[Site "Cracovia POL"]
[Date "2008.01.02"]
[Round "7.10"]
[White "Maciejczak, Jakub"]
[Black "Brodowski, Piotr"]
[Result "1/2-1/2"]
[WhiteElo "2328"]
[BlackElo "2425"]
[PlyCount "70"]
[EventDate "2007.12.27"]
[EventType "swiss"]
[EventRounds "9"]
[EventCountry "POL"]
[Source "lmi"]
[SourceDate "2007.12.27"]

1. e4 c5 2. Nc3 Nc6 3. g3 g6 4. Bg2 Bg7 5. d3 d6 6. f4 e6 7. Nf3 Nge7 8. O-O
O-O 9. Be3 Nd4 10. e5 Nef5 11. Bf2 Nxf3+ 12. Qxf3 Nd4 13. Qd1 f5 14. exf6 Qxf6
15. Ne4 Qd8 16. c3 Nc6 17. Qb3 h6 18. Rae1 Kh8 19. Qd1 e5 20. fxe5 Nxe5 21. h3
Bd7 22. d4 cxd4 23. cxd4 Nf7 24. Be3 Qa5 25. Qb3 Bc6 26. Nc3 Ng5 27. d5 Bd7 28.
h4 Nf7 29. Qxb7 Ne5 30. Rxf8+ Rxf8 31. Kh1 Qd8 32. Bxa7 Bc8 33. Qb5 g5 34. Rf1
gxh4 35. Rxf8+ Bxf8 1/2-1/2

[Event "Cracovia 2007"]
[Site "Cracovia POL"]
[Date "2008.01.03"]
[Round "8.1"]
[White "Szoen, Dariusz"]
[Black "Czarnota, Pawel"]
[Result "1/2-1/2"]
[WhiteElo "2481"]
[BlackElo "2554"]
[PlyCount "100"]
[EventDate "2007.12.27"]
[EventType "swiss"]
[EventRounds "9"]
[EventCountry "POL"]
[Source "lmi"]
[SourceDate "2007.12.27"]

1. d4 d5 2. c4 c6 3. Nc3 Nf6 4. cxd5 cxd5 5. Nf3 Nc6 6. Bf4 e6 7. e3 Nh5 8. Bg5
Qb6 9. Rb1 h6 10. Bh4 g5 11. Nd2 Ng7 12. Bg3 Nf5 13. Bd3 Nxg3 14. hxg3 Qd8 15.
Rc1 Bg7 16. a3 a6 17. Bb1 Kf8 18. Qb3 Bf6 19. Na4 Be7 20. Nc5 Rb8 21. Qd3 Kg7
22. b4 Qd6 23. Qc2 Bf6 24. Ndb3 Ne7 25. O-O b6 26. e4 bxc5 27. e5 Bxe5 28. dxe5
Qxe5 29. Nxc5 h5 30. Rce1 Qf6 31. Qd2 Nc6 32. Re3 Ne5 33. Bd3 a5 34. b5 Ng4 35.
Rf3 Qe7 36. Bc2 Rxb5 37. Nb3 e5 38. Re1 Be6 39. a4 Rbb8 40. Nxa5 Rhc8 41. Nb3
e4 42. Nd4 Rxc2 43. Qxc2 exf3 44. gxf3 Qb4 45. Qd1 Nf6 46. Nc6 Qb6 47. Nxb8
Qxb8 48. Qd4 Qc7 49. Qd2 Kg6 50. a5 Qa7 1/2-1/2

[Event "Cracovia 2007"]
[Site "Cracovia POL"]
[Date "2008.01.03"]
[Round "8.2"]
[White "Jakubiec, Artur"]
[Black "Kravtsiv, Martyn"]
[Result "1-0"]
[WhiteElo "2524"]
[BlackElo "2498"]
[PlyCount "61"]
[EventDate "2007.12.27"]
[EventType "swiss"]
[EventRounds "9"]
[EventCountry "POL"]
[Source "lmi"]
[SourceDate "2007.12.27"]

1. g3 Nf6 2. Bg2 d5 3. f4 c5 4. Nf3 Nc6 5. O-O g6 6. d3 Bg7 7. Nc3 O-O 8. e4
dxe4 9. dxe4 Qxd1 10. Rxd1 e5 11. h3 Be6 12. Be3 Nd7 13. f5 gxf5 14. exf5 Bxf5
15. Nh4 Be6 16. Ne4 Nd4 17. Rd2 f5 18. Ng5 Bh6 19. Re1 Bxa2 20. b3 Nb6 21. Rf2
f4 22. gxf4 exf4 23. Bxd4 Bxg5 24. Nf3 cxd4 25. Nxg5 h6 26. Ne6 Rfe8 27. Bxb7
Rab8 28. Ba6 Nd5 29. Bc4 Rbd8 30. Re5 Kh8 31. Nxd8 1-0

[Event "Cracovia 2007"]
[Site "Cracovia POL"]
[Date "2008.01.03"]
[Round "8.3"]
[White "Swiercz, Dariusz"]
[Black "Baryshpolets, Andrey"]
[Result "1/2-1/2"]
[WhiteElo "2274"]
[BlackElo "2399"]
[PlyCount "75"]
[EventDate "2007.12.27"]
[EventType "swiss"]
[EventRounds "9"]
[EventCountry "POL"]
[Source "lmi"]
[SourceDate "2007.12.27"]

1. d4 Nf6 2. g3 g6 3. Bg2 Bg7 4. e4 d6 5. Ne2 O-O 6. O-O c5 7. dxc5 dxc5 8. e5
Nfd7 9. f4 Nc6 10. Nbc3 f6 11. exf6 Nxf6 12. Be3 Qa5 13. Nd5 Bf5 14. Nxf6+ Bxf6
15. Qd5+ e6 16. Qxc5 Qxc5 17. Bxc5 Rfd8 18. c3 Rd2 19. Rf2 Rxb2 20. Nd4 Rxf2
21. Kxf2 Nxd4 22. Bxd4 Bxd4+ 23. cxd4 Rc8 24. Bxb7 Rc2+ 25. Ke3 Rc3+ 26. Kf2
Rc2+ 27. Kg1 Rd2 28. a4 a5 29. Rc1 Rxd4 30. Bc6 h5 31. Rc5 Rd1+ 32. Kf2 Rd2+
33. Ke3 Rxh2 34. Rxa5 Rh3 35. Kf2 Rh2+ 36. Ke3 Rh3 37. Kf2 Rh2+ 38. Ke3 1/2-1/2

[Event "Cracovia 2007"]
[Site "Cracovia POL"]
[Date "2008.01.03"]
[Round "8.4"]
[White "Kveinys, Aloyzas"]
[Black "Gumula, Daniel"]
[Result "1-0"]
[WhiteElo "2517"]
[BlackElo "2344"]
[PlyCount "65"]
[EventDate "2007.12.27"]
[EventType "swiss"]
[EventRounds "9"]
[EventCountry "POL"]
[Source "lmi"]
[SourceDate "2007.12.27"]

1. Nf3 Nf6 2. c4 e6 3. Nc3 Bb4 4. Qc2 O-O 5. a3 Bxc3 6. Qxc3 d6 7. e3 a5 8. b3
Nbd7 9. Bb2 e5 10. Be2 b6 11. O-O Bb7 12. d4 Ne4 13. Qc2 Ng5 14. Nd2 Qe7 15. d5
f5 16. Rae1 e4 17. Kh1 c6 18. f4 exf3 19. Nxf3 cxd5 20. Nd4 g6 21. cxd5 Bxd5
22. Bc4 Bxc4 23. Qxc4+ Rf7 24. Nb5 Ne4 25. Rd1 Qh4 26. Kg1 Qg5 27. Nxd6 Qxe3+
28. Kh1 Nxd6 29. Rxd6 Ne5 30. Qb5 Ng4 31. Bd4 Qe4 32. Qxb6 Rb7 33. Rxg6+ 1-0

[Event "Cracovia 2007"]
[Site "Cracovia POL"]
[Date "2008.01.03"]
[Round "8.5"]
[White "Granovski, Aleksandar"]
[Black "Mikrut, Dariusz"]
[Result "1/2-1/2"]
[WhiteElo "2338"]
[BlackElo "2409"]
[PlyCount "120"]
[EventDate "2007.12.27"]
[EventType "swiss"]
[EventRounds "9"]
[EventCountry "POL"]
[Source "lmi"]
[SourceDate "2007.12.27"]

1. d4 Nf6 2. c4 g6 3. Nc3 Bg7 4. Nf3 O-O 5. g3 d6 6. Bg2 c6 7. O-O Qa5 8. e4 e5
9. d5 cxd5 10. cxd5 b5 11. Nd2 b4 12. Nb3 Qc7 13. Ne2 Ba6 14. Re1 Nbd7 15. a3
Bxe2 16. Qxe2 a5 17. axb4 axb4 18. Be3 h5 19. Rec1 Rxa1 20. Rxa1 Ng4 21. Ra7
Qc8 22. Na5 Nxe3 23. Nc6 Nxd5 24. exd5 Kh7 25. Qb5 Nc5 26. Qxb4 Qf5 27. Qd2
Qb1+ 28. Bf1 e4 29. b4 Nd3 30. Qa2 Qc1 31. Re7 Ne5 32. Nxe5 Bxe5 33. Qa7 Kg7
34. Rc7 Qd2 35. Rc4 Qxd5 36. Qe3 f5 37. b5 Rf7 38. b6 Qb7 39. Ra4 f4 40. Qb3 e3
41. Qxf7+ Qxf7 42. Ra7 exf2+ 43. Kxf2 Bd4+ 44. Kf3 fxg3+ 45. Kxg3 Bxb6 46.
Rxf7+ Kxf7 47. h4 Kf6 48. Bd3 Bd4 49. Kh3 Bf2 50. Bb1 d5 51. Bc2 d4 52. Bd3 Kg7
53. Bc2 Be1 54. Bd3 Kh6 55. Bc2 Bxh4 56. Kxh4 g5+ 57. Kg3 Kg7 58. Kf3 h4 59.
Ke4 g4 60. Kxd4 g3 1/2-1/2

[Event "Cracovia 2007"]
[Site "Cracovia POL"]
[Date "2008.01.03"]
[Round "8.6"]
[White "Shkapenko, Pavel"]
[Black "Kalvaitis, Sigitas"]
[Result "1-0"]
[WhiteElo "2404"]
[BlackElo "2245"]
[PlyCount "157"]
[EventDate "2007.12.27"]
[EventType "swiss"]
[EventRounds "9"]
[EventCountry "POL"]
[Source "lmi"]
[SourceDate "2007.12.27"]

1. e4 e5 2. Nf3 Nf6 3. Nxe5 d6 4. Nf3 Nxe4 5. d3 Nf6 6. d4 d5 7. c4 Be7 8. Nc3
O-O 9. Be2 dxc4 10. Bxc4 c6 11. h3 Bf5 12. O-O Nbd7 13. Bb3 Nb6 14. Ne5 Nbd5
15. Re1 Qd6 16. Bg5 Nxc3 17. bxc3 Nd5 18. Bd2 Rad8 19. Qf3 Qf6 20. Ng4 Bxg4 21.
Qxg4 Rfe8 22. Re5 Qg6 23. Qe2 Kf8 24. Re1 f6 25. Re6 Bd6 26. Qf3 Nc7 27. Rxe8+
Rxe8 28. Rxe8+ Kxe8 29. g3 Kd7 30. Bc4 Qc2 31. Be1 Kd8 32. Kg2 Qa4 33. Bb3 Qa5
34. Qe4 h6 35. Bd2 Qh5 36. c4 Qe8 37. Qf3 Ne6 38. Be3 Ng5 39. Qf5 Qd7 40. Bc2
Qxf5 41. Bxf5 b6 42. c5 bxc5 43. dxc5 Be7 44. f4 Nf7 45. Kf3 Ke8 46. Bg6 Kf8
47. Ke2 Nd8 48. Kd3 Nb7 49. Kc4 Bd8 50. Bf5 Bc7 51. Bc8 Nd8 52. Kd4 Ke7 53. Ke4
Ba5 54. Kf5 Kf7 55. Ba6 Bb4 56. g4 Ke7 57. Kg6 Kf8 58. Bc8 Nf7 59. Be6 Nd8 60.
Bd7 Ba3 61. h4 Bb4 62. Bd4 Ke7 63. Bc8 Kf8 64. g5 hxg5 65. fxg5 fxg5 66. Bxg7+
Ke8 67. h5 g4 68. Bxg4 Bd2 69. h6 Bxh6 70. Bxh6 Nb7 71. Be3 Kd8 72. Kf6 Na5 73.
Be6 Kc7 74. Bf4+ Kd8 75. Bd6 Nb7 76. Ke5 Na5 77. Bb8 a6 78. Bd6 Nb7 79. Bc4 1-0

[Event "Cracovia 2007"]
[Site "Cracovia POL"]
[Date "2008.01.03"]
[Round "8.7"]
[White "Savickas, Airidas"]
[Black "Kachur, Alexander"]
[Result "0-1"]
[WhiteElo "2368"]
[BlackElo "2320"]
[PlyCount "150"]
[EventDate "2007.12.27"]
[EventType "swiss"]
[EventRounds "9"]
[EventCountry "POL"]
[Source "lmi"]
[SourceDate "2007.12.27"]

1. e4 c5 2. Nf3 Nc6 3. d4 cxd4 4. Nxd4 Qc7 5. Nc3 e6 6. Be2 a6 7. O-O Nf6 8.
Kh1 Nxd4 9. Qxd4 Bc5 10. Qd3 b5 11. Bg5 Bb7 12. f4 h6 13. Bxf6 gxf6 14. Bh5 Rg8
15. Rad1 O-O-O 16. Bxf7 Rg4 17. h3 Rg7 18. Bh5 Rdg8 19. Rd2 Rg3 20. Bf3 R3g7
21. Ne2 Bb6 22. c3 Kb8 23. Rc2 Rc8 24. g3 h5 25. Bg2 Qc6 26. Nc1 Rcg8 27. Kh2
Qc5 28. Nb3 Qc4 29. Rd2 Ka7 30. Rfd1 Qc7 31. h4 Rxg3 32. Qxg3 Rxg3 33. Kxg3 Be3
34. Rd6 Bd5 35. R1xd5 exd5 36. Rxf6 Qc4 37. Rd6 Qe2 38. Rxd7+ Kb8 39. Rg7 Bg1
40. Kh3 Qe3+ 41. Rg3 Qxf4 42. Bh1 Bf2 43. Rg8+ Kc7 44. exd5 Qxh4+ 45. Kg2 Bb6
46. Rg3 Qf4 47. Kh3 Kd8 48. Nd4 Bxd4 49. cxd4 Qxd4 50. b3 Qa1 51. Bf3 Qxa2 52.
Bxh5 Qb1 53. Bg6 Qh1+ 54. Kg4 Ke7 55. Re3+ Kd6 56. Re6+ Kxd5 57. Rxa6 Qg2+ 58.
Kf5 Qf3+ 59. Kg5 Qg3+ 60. Kf5 Qf3+ 61. Kg5 Kc5 62. Ra1 Qe3+ 63. Kf5 Qxb3 64.
Rc1+ Kd4 65. Kf6 Qf3+ 66. Kg7 b4 67. Rb1 Kc3 68. Bf7 Qg4+ 69. Kf8 Qc8+ 70. Kg7
Qg4+ 71. Kf8 Qc8+ 72. Kg7 Qc5 73. Rb3+ Kc2 74. Kf6 Qd6+ 75. Kg5 Qe7+ 0-1

[Event "Cracovia 2007"]
[Site "Cracovia POL"]
[Date "2008.01.03"]
[Round "8.9"]
[White "Vaznonis, Vytautas"]
[Black "Beinoras, Mindaugas"]
[Result "1/2-1/2"]
[WhiteElo "2357"]
[BlackElo "2280"]
[PlyCount "61"]
[EventDate "2007.12.27"]
[EventType "swiss"]
[EventRounds "9"]
[EventCountry "POL"]
[Source "lmi"]
[SourceDate "2007.12.27"]

1. d4 Nf6 2. c4 g6 3. Nc3 d5 4. Bf4 Bg7 5. e3 O-O 6. Nf3 c5 7. dxc5 Qa5 8. Rc1
dxc4 9. Bxc4 Qxc5 10. Bb3 Nc6 11. O-O Qa5 12. Qe2 Nh5 13. Bg5 Bg4 14. Bh4 Qb4
15. Qc4 Qxc4 16. Bxc4 Bxf3 17. gxf3 Bf6 18. Bxf6 Nxf6 19. Nd5 Nxd5 20. Bxd5
Rac8 21. a3 Rfd8 22. Rfd1 Rd6 23. Be4 Rcd8 24. Rxd6 Rxd6 25. f4 f5 26. Bf3 Kf7
27. Rc5 Ke8 28. Kf1 Kd7 29. Ke2 Nd8 30. Ra5 a6 31. b4 1/2-1/2

[Event "Cracovia 2007"]
[Site "Cracovia POL"]
[Date "2008.01.03"]
[Round "8.10"]
[White "Cherednichenko, Svetlana"]
[Black "Piorun, Kacper"]
[Result "0-1"]
[WhiteElo "2221"]
[BlackElo "2353"]
[PlyCount "80"]
[EventDate "2007.12.27"]
[EventType "swiss"]
[EventRounds "9"]
[EventCountry "POL"]
[Source "lmi"]
[SourceDate "2007.12.27"]

1. d4 Nf6 2. Nf3 g6 3. Nc3 d5 4. Bf4 c6 5. e3 Bg7 6. Be2 O-O 7. h4 Nbd7 8. Ne5
Ne4 9. Nxe4 dxe4 10. Nxd7 Bxd7 11. h5 Qb6 12. hxg6 hxg6 13. b3 c5 14. c3 Rac8
15. Qd2 Rfd8 16. Bg5 Qd6 17. Rd1 Bc6 18. Bf4 e5 19. Bh6 Bxh6 20. Rxh6 Kg7 21.
Rh3 Qf6 22. Bg4 Rb8 23. dxe5 Qg5 24. Qe2 Qxe5 25. Qc2 Rxd1+ 26. Kxd1 Rd8+ 27.
Kc1 Rd3 28. Kb2 Qd6 29. Kc1 Qf6 30. Kb2 b5 31. Be2 Rd6 32. f4 b4 33. g4 bxc3+
34. Ka3 Bd5 35. Bb5 Ra6+ 36. Ba4 c4 37. g5 Qd6+ 38. b4 Kg8 39. Qxc3 Rxa4+ 40.
Kb2 Qxb4+ 0-1

[Event "Cracovia 2007"]
[Site "Cracovia POL"]
[Date "2008.01.04"]
[Round "9.1"]
[White "Kachur, Alexander"]
[Black "Szoen, Dariusz"]
[Result "0-1"]
[WhiteElo "2320"]
[BlackElo "2481"]
[PlyCount "106"]
[EventDate "2007.12.27"]
[EventType "swiss"]
[EventRounds "9"]
[EventCountry "POL"]
[Source "lmi"]
[SourceDate "2007.12.27"]

1. d4 Nf6 2. Nf3 c5 3. d5 e6 4. Nc3 Nxd5 5. Nxd5 exd5 6. Qxd5 Nc6 7. e4 d6 8.
Ng5 Qc7 9. Bc4 Ne5 10. Bb5+ Bd7 11. Bxd7+ Qxd7 12. Bf4 Ng6 13. Bg3 h6 14. Nf3
O-O-O 15. O-O-O Qe6 16. Rd3 Be7 17. Rhd1 Qxd5 18. Rxd5 Rhe8 19. Nd2 Bg5 20.
Bxd6 b6 21. f3 Re6 22. f4 Nxf4 23. Bxf4 Bxf4 24. g3 Be3 25. Rxd8+ Kxd8 26. Kb1
Rd6 27. Kc1 Rd4 28. c3 Rxe4 29. Kc2 Bxd2 30. Kxd2 Ke7 31. Kd3 f5 32. Rf1 Ke6
33. b3 g5 34. a3 Ke5 35. Rg1 b5 36. Kd2 a5 37. Kd3 h5 38. Kd2 h4 39. Kd3 hxg3
40. hxg3 Rg4 41. Re1+ Kd5 42. Re3 c4+ 43. bxc4+ bxc4+ 44. Kd2 f4 45. gxf4 Rg2+
46. Kd1 gxf4 47. Re8 Ra2 48. a4 f3 49. Ke1 Re2+ 50. Rxe2 fxe2 51. Kd2 Ke5 52.
Ke1 Kf4 53. Kf2 e1=Q+ 0-1